[Event "Victoria op"]
[Site "Victoria"]
[Date "2019.01.19"]
[Round "2.7"]
[White "Williamson, Jason"]
[Black "Lee, Mau Seng"]
[Result "1-0"]
[WhiteElo "1879"]
[BlackElo "1588"]
[PlyCount "77"]
[EventDate "2019.01.18"]
[EventType "swiss"]
[EventRounds "5"]
[EventCountry "CAN"]
[SourceTitle "EXT 2022"]
[Source "ChessBase"]
[SourceDate "2021.10.06"]
[SourceVersion "1"]
[SourceVersionDate "2021.10.06"]
[SourceQuality "1"]

1. e4 d5 2. exd5 Nf6 3. d4 e6 4. dxe6 Bxe6 5. Nf3 Nc6 6. Bb5 a6 7. Bxc6+ bxc6 8. 0-0 Bd6 9. Ne5 0-0 10. Nxc6 Bxh2+ 11. Kxh2 Qd6+ 12. Ne5 Ng4+ 13. Kg1 Nxe5 14. dxe5 Qxe5 15. Nc3 Rad8 16. Qf3 Bc4 17. Bf4 Qf5 18. Rfd1 Qxc2 19. Bxc7 Rxd1+ 20. Rxd1 Qxb2 21. Rb1 Qc2 22. Bd6 Rc8 23. Rb7 Qc1+ 24. Kh2 Qh6+ 25. Kg1 Qxd6 26. a4 Be6 27. Rb1 Qa3 28. Rd1 g6 29. Rd3 Qc1+ 30. Kh2 Kg7 31. Re3 Rc5 32. Ne4 Rf5 33. Qe2 Rh5+ 34. Kg3 Qc7+ 35. f4 Qe7 36. Qb2+ Kh6 37. Nf6 Qf8 38. Nxh5 gxh5 39. Qf6# 1-0

[Event "New Westminster op"]
[Site "New Westminster"]
[Date "2017.10.09"]
[Round "5.5"]
[White "Jacobsen, Henrik"]
[Black "Williamson, Jason"]
[Result "0-1"]
[WhiteElo "1968"]
[BlackElo "1899"]
[PlyCount "70"]
[EventDate "2017.10.07"]
[EventType "swiss"]
[EventRounds "6"]
[EventCountry "CAN"]
[SourceTitle "EXT 2022"]
[Source "ChessBase"]
[SourceDate "2021.10.06"]
[SourceVersion "1"]
[SourceVersionDate "2021.10.06"]
[SourceQuality "1"]

1. d4 Nf6 2. Nf3 g6 3. Bf4 Bg7 4. e3 0-0 5. h3 d6 6. Be2 Nbd7 7. Nbd2 c5 8. c3 b6 9. a4 a6 10. 0-0 Bb7 11. Qb1 Rc8 12. Bh2 cxd4 13. exd4 Nd5 14. Bc4 Bh6 15. h4 Nxc3 16. bxc3 Bxf3 17. Bxa6 Bxd2 18. Bxc8 Qxc8 19. gxf3 Qxc3 20. Qe4 Nf6 21. Qxe7 Qxf3 22. Bxd6 Re8 23. Ra3 Qg4+ 24. Rg3 Qxd4 25. Be5 Qxe5 26. Qxe5 Rxe5 27. Rd1 Re1+ 28. Rxe1 Bxe1 29. Rd3 Ne4 30. f3 Nc5 31. Ra3 Bxh4 32. a5 bxa5 33. Rxa5 Bf6 34. Kg2 Nd3 35. Ra4 h5 0-1

[Event "New Westminster op"]
[Site "New Westminster"]
[Date "2017.10.09"]
[Round "6.4"]
[White "Williamson, Jason"]
[Black "Igharas, Gilberto"]
[Result "1-0"]
[WhiteElo "1899"]
[BlackElo "1928"]
[PlyCount "67"]
[EventDate "2017.10.07"]
[EventType "swiss"]
[EventRounds "6"]
[EventCountry "CAN"]
[SourceTitle "EXT 2022"]
[Source "ChessBase"]
[SourceDate "2021.10.06"]
[SourceVersion "1"]
[SourceVersionDate "2021.10.06"]
[SourceQuality "1"]

1. e4 c6 2. d4 d5 3. Nd2 dxe4 4. Nxe4 Bf5 5. Ng3 Bg6 6. Nf3 Nd7 7. h4 h6 8. h5 Bh7 9. Bd3 Bxd3 10. Qxd3 e6 11. Bf4 Qa5+ 12. Bd2 Qc7 13. 0-0-0 Ngf6 14. Ne2 0-0-0 15. Kb1 Bd6 16. Rh4 Kb8 17. c4 c5 18. Nc3 a6 19. Be3 Rhe8 20. Qd2 Nb6 21. dxc5 Bxc5 22. Bf4 Rxd2 23. Bxc7+ Kxc7 24. Rxd2 Nfd7 25. a3 f5 26. b4 Be7 27. c5 Nc8 28. Rhd4 Nf6 29. Ne5 Na7 30. Na4 Nb5 31. Rd7+ Nxd7 32. Rxd7+ Kb8 33. c6 Bf6 34. Rxb7+ 1-0

[Event "British Columbia op"]
[Site "Richmond"]
[Date "2017.02.12"]
[Round "3.11"]
[White "O'Brien, Frank"]
[Black "Williamson, Jason"]
[Result "1/2-1/2"]
[WhiteElo "1772"]
[BlackElo "1986"]
[PlyCount "82"]
[EventDate "2017.02.11"]
[EventType "swiss"]
[EventRounds "6"]
[EventCountry "CAN"]
[SourceTitle "EXT 2022"]
[Source "ChessBase"]
[SourceDate "2021.10.06"]
[SourceVersion "1"]
[SourceVersionDate "2021.10.06"]
[SourceQuality "1"]

1. d4 Nf6 2. Nf3 g6 3. Bf4 Bg7 4. e3 0-0 5. Nbd2 d6 6. h3 c5 7. c3 b6 8. Be2 Bb7 9. 0-0 Nbd7 10. Re1 Re8 11. Qb3 d5 12. Ne5 e6 13. Ndf3 Nxe5 14. Nxe5 Nd7 15. Nxd7 Qxd7 16. a4 f6 17. dxc5 bxc5 18. Qb5 Qc8 19. Bd6 Bf8 20. Bxf8 Kxf8 21. Qb3 Ba6 22. Qa3 Bxe2 23. Rxe2 Kf7 24. b4 cxb4 25. cxb4 Qc4 26. Ree1 Rec8 27. Rec1 Qe4 28. b5 e5 29. f3 Qf5 30. Qd6 Qe6 31. Rc7+ Rxc7 32. Qxc7+ Qe7 33. Rc1 Rd8 34. Qxe7+ Kxe7 35. Kf2 d4 36. exd4 Rxd4 37. Rc7+ Rd7 38. Rc6 Rd6 39. Rc7+ Rd7 40. Rc6 Rd6 41. Rc7+ Rd7 1/2-1/2

[Event "British Columbia op"]
[Site "Richmond"]
[Date "2017.02.11"]
[Round "1.3"]
[White "Pechisker, Alfred"]
[Black "Williamson, Jason"]
[Result "1-0"]
[WhiteElo "2237"]
[BlackElo "1986"]
[PlyCount "69"]
[EventDate "2017.02.11"]
[EventType "swiss"]
[EventRounds "6"]
[EventCountry "CAN"]
[SourceTitle "EXT 2022"]
[Source "ChessBase"]
[SourceDate "2021.10.06"]
[SourceVersion "1"]
[SourceVersionDate "2021.10.06"]
[SourceQuality "1"]

1. d4 Nf6 2. c4 g6 3. Nc3 Bg7 4. e4 d6 5. f3 0-0 6. Bg5 Nbd7 7. Nh3 c5 8. d5 Ne5 9. Nf2 h6 10. Be3 a6 11. Be2 Qc7 12. 0-0 b6 13. a4 Bb7 14. Qd2 Kh7 15. f4 Ned7 16. g4 e6 17. h4 exd5 18. exd5 Rae8 19. Rae1 Re7 20. g5 Ng8 21. Bd3 h5 22. Nfe4 Rfe8 23. f5 gxf5 24. Rxf5 Ne5 25. Rxe5 Bxe5 26. Nf6+ Kg7 27. Nce4 Qc8 28. Qg2 b5 29. axb5 axb5 30. b3 Bd4 31. Bxd4 cxd4 32. Qf3 Rxe4 33. Rxe4 Rxe4 34. Bxe4 bxc4 35. Qxh5 1-0